Bygones / (Record no. 847)

MARC details
000 -LEADER
fixed length control field 00936pam a2200265 a 4500
005 - DATE AND TIME OF LATEST TRANSACTION
control field 20260322212036.0
008 - FIXED-LENGTH DATA ELEMENTS--GENERAL INFORMATION
fixed length control field data
010 ## - LIBRARY OF CONGRESS CONTROL NUMBER
LC control number 91029577
020 ## - INTERNATIONAL STANDARD BOOK NUMBER
International Standard Book Number 0399137149 (acidfree paper) :
Terms of availability {dollar}21.95 ({dollar}28.95 CAN)
020 ## - INTERNATIONAL STANDARD BOOK NUMBER
International Standard Book Number 978-0399137143 (acid-free paper) :
Terms of availability {dollar}21.95 ({dollar}28.95 CAN)
040 ## - CATALOGING SOURCE
Original cataloging agency DLC
Transcribing agency DLC
Modifying agency OCoLC
-- OCoLC
050 00 - LIBRARY OF CONGRESS CALL NUMBER
Classification number PS3569.P4534
Item number B94 1992
082 00 - DEWEY DECIMAL CLASSIFICATION NUMBER
Classification number 813/.54
Edition information 20
099 ## - LOCAL FREE-TEXT CALL NUMBER (OCLC)
Classification number SPENCL
001 - CONTROL NUMBER
control field data
100 1# - MAIN ENTRY--PERSONAL NAME
Personal name Spencer, LaVyrle.
245 10 - TITLE STATEMENT
Title Bygones /
Statement of responsibility, etc. LaVyrle Spencer.
260 ## - PUBLICATION, DISTRIBUTION, ETC.
Place of publication, distribution, etc. New York :
Name of publisher, distributor, etc. Putnam's,
Date of publication, distribution, etc. c1992.
300 ## - PHYSICAL DESCRIPTION
Extent 382 p. ;
Dimensions 24 cm.
655 #7 - INDEX TERM--GENRE/FORM
Genre/form data or focus term Love stories.
Source of term gsafd
906 ## - LOCAL DATA ELEMENT F, LDF (RLIN)
a 7
b cbc
c orignew
d 1
e ocip
f 19
g y-gencatlg
925 0# -
-- acquire
-- 1 shelf copy
-- policy default
991 ## -
-- c-GenColl
-- PS3569.P4534
-- B94 1992
-- 00020135037
-- Copy 1
-- BOOKS
Holdings
Withdrawn status Lost status Damaged status Not for loan Home library Current library Shelving location Date acquired Total checkouts Full call number Barcode Date last seen Price effective from Koha item type
        Troy Troy General stacks 22/03/2026   813/.54 20 BC0010872 22/03/2026 22/03/2026 Books